Živá abeceda /

Uložené v:
Podrobná bibliografia
Hlavný autor: Fabiánová, Irena (Author)
Ďalší autori: Hřebejková, Jarmila 1911- (Compiler)
Médium: Kniha
Jazyk:Czech
Vydané: Praha : Státní pedagogické nakladatelství, 1957.
Vydanie:1. vyd.
ISBN: (brož.)
Fyzický popis: [25] s.
Tagy: Pridať tag
Žiadne tagy, Buďte prvý kto otaguje tento záznam!

MARC

LEADER 00000nam a2200000 a 4500
001 000462913
005 20150407232641.0
008 981207 1957 xr e cze d
020 |a (brož.)  |c Kčs 3,70 
040 |a SVKKK  |b slo  |c SVKKK  |e AACR2 
041 0 |a cze 
044 |a xr  |c CZ 
245 0 0 |a Živá abeceda /  |c Jarmila Hřebejková, Irena Fabiánová. 
250 |a 1. vyd. 
260 |a Praha :  |b Státní pedagogické nakladatelství,  |c 1957. 
300 |a [25] s. 
700 1 |a Hřebejková, Jarmila  |d 1911-  |4 com 
700 1 |a Fabiánová, Irena  |4 aut 
910 |a svkkk 
998 |a BK 
090 |g SCKHL  |k Sklad Pribinova 1. posch.  |a IV.12247  |j 143335  |i 462913-10  |s Prezenčne 
090 |g SCKHL  |k Sklad Pribinova 1. posch.  |a IV.16168  |j 139846  |i 462913-20  |s Prezenčne